Euclid's elements of geometry in Bengali / (Record no. 730516)

MARC details
000 -LEADER
fixed length control field 00888nam a2200289 a 4500
001 - CONTROL NUMBER
control field vtls000890037
003 - CONTROL NUMBER IDENTIFIER
control field NLI
005 - DATE AND TIME OF LATEST TRANSACTION
control field 20210627082701.0
008 - FIXED-LENGTH DATA ELEMENTS--GENERAL INFORMATION
fixed length control field 110512s1900 ii 000 0 eng
039 #9 - LEVEL OF BIBLIOGRAPHIC CONTROL AND CODING DETAIL [OBSOLETE]
-- 201105122116
-- Datasoft
040 0# - CATALOGING SOURCE
Original cataloging agency NLI
Language of cataloging eng
Transcribing agency Retro_DSC 1
Description conventions AACR2
041 0# - LANGUAGE CODE
Language code of text/sound track or separate title eng
044 ## - COUNTRY OF PUBLISHING/PRODUCING ENTITY CODE
MARC country code ii
082 04 - DEWEY DECIMAL CLASSIFICATION NUMBER
Classification number 516.2
100 1# - MAIN ENTRY--PERSONAL NAME
Personal name Vidyaratra, Nrisinhachandra Mukerji,
Dates associated with a name 1805-1885
9 (RLIN) 845290
245 10 - TITLE STATEMENT
Title Euclid's elements of geometry in Bengali /
Statement of responsibility, etc. Nrisinhachandra Mukerji Vidyaratra
260 ## - PUBLICATION, DISTRIBUTION, ETC.
Place of publication, distribution, etc. Calcutta :
Name of publisher, distributor, etc. S. C. Auddy,
Date of publication, distribution, etc. 1900
300 ## - PHYSICAL DESCRIPTION
Extent 148 p. :
Other physical details diagr. ;
Dimensions 22 cm.
500 ## - GENERAL NOTE
General note At the head of title: books for Indian schools
650 #0 - SUBJECT ADDED ENTRY--TOPICAL TERM
Topical term or geographic name entry element Euclid's Elements
9 (RLIN) 805455
710 2# - ADDED ENTRY--CORPORATE NAME
Corporate name or jurisdiction name as entry element Asutosh Collection (National Library, India)
887 ## - NON-MARC INFORMATION FIELD
Content of non-MARC field
901 ## - LOCAL DATA ELEMENT A, LDA (RLIN)
a 52751
b 11.06.1982
902 ## - LOCAL DATA ELEMENT B, LDB (RLIN)
a A.C 516.2 V 669
942 ## - ADDED ENTRY ELEMENTS (KOHA)
Source of classification or shelving scheme Dewey Decimal Classification
Koha item type Books
Holdings
Withdrawn status Lost status Damaged status Not for loan Collection code Home library Current library Shelving location Date acquired Total Checkouts Full call number Date last seen Price effective from Koha item type
          National Library of India National Library of India       A.C 516.2 V 669 27/06/2021 27/06/2021 Books
                                                                           
web counter

Copyright ©2020 The National Library of India, Govt. of India ↔ Hosted by NVLI, MOC ↔ Technology and Design by National Library of India, Ministry of Culture, Govt. of India